| 000 | 00417cam a2200169 4500 | ||
|---|---|---|---|
| 001 | D11845 | ||
| 008 | 090401t1979 xxu||||| |||| 00| 0 eng d | ||
| 035 | _a(Sirsi) u99888 | ||
| 041 | _aeng | ||
| 100 | _aWood, Derek | ||
| 245 | _aAgricultural Holdings Law (synopsis only) | ||
| 260 | _c1979 | ||
| 350 | _a0 | ||
| 520 | _aIn RICS. Briefing `79: are you up-to-date? 1979/51AB | ||
| 942 | _n0 | ||
| 948 | _c04/03/1997 | ||
| 999 |
_c99512 _d99512 |
||